000 00537nam a22001937a 4500
003 KOHA_MİRAKIL
005 20250624131632.0
008 250624b tu ||||| |||| 00| 0 tur d
020 _a9789750862403
040 _aTR-AnABB
_btur
_cTR-AnABB
041 _atur
082 _a811.42
_bUYA 2024
100 _aUyar, Turgut,
245 1 0 _aToplandılar /
_cTurgut Uyar
260 _aİstanbul :
_bYapı Kredi Kültür Yayınları,
_c2024
300 _a118 sayfa ;
_c21 cm
650 0 0 _aTürk edebiyatı, şiir
942 _2ddc
_cBK
999 _c8906
_d8906
900 _bGizem YORULMAZ